00328cam a22001097a 4500008004000000082001800040100002000058245007100078260003200149300001000181650002700191180718b1961 xxu||||| |||| 00| 0 eng d aA99 V619/A155 aAllighan, Garry aVerwoerd - the end: a look-back from the futurecby Garry Allighan aLondonbT.V. Boardmanc1961 a228p. aVewoerd, Handrik, 1901